LEADER 01040cam0-2200361---450- 001 990005584890403321 005 20101025104519.0 035 $a000558489 035 $aFED01000558489 035 $a(Aleph)000558489FED01 035 $a000558489 100 $a19990604d1970----km-y0itay50------ba 101 0 $ager 102 $aIT 105 $aa-------00-yy 200 1 $aDada germanico$eDocumenti e periodici dada$fa cura di Arturo Schwarz 205 $aRist. anast. 210 $aMilano-Roma$cGabriele Mazzotta$d1970 215 $a1 cartella (6 facs.)$cill.$d37 cm 225 1 $aArchivi d'arte del 20. secolo 300 $aRipr. delle ed. orig 300 $aEd. di 500 esempl. 610 0 $aDadaismo$aGermania$aTesti e documenti 676 $a709.04062 676 $a709.43 702 1$aSchwarz,$bArturo$f<1924- > 801 0$aIT$bUNINA$gRICA$2UNIMARC 901 $aBK 912 $a990005584890403321 952 $a709.04 SCH 4$bST. ARTE 10956$fFLFBC 959 $aFLFBC 996 $aDada germanico$9608034 997 $aUNINA LEADER 04502nam 2200541 450 001 9910464389703321 005 20200520144314.0 010 $a0-19-163942-7 035 $a(CKB)3710000000107364 035 $a(EBL)1688422 035 $a(OCoLC)879421580 035 $a(MiAaPQ)EBC1688422 035 $a(Au-PeEL)EBL1688422 035 $a(CaPaEBR)ebr10867977 035 $a(CaONFJC)MIL604375 035 $a(EXLCZ)993710000000107364 100 $a20140514h20142014 uy 0 101 0 $aeng 135 $aur|n|---||||| 181 $2rdacontent 182 $2rdamedia 183 $2rdacarrier 200 10$aMaterials modelling using density functional theory $eproperties and predictions /$fFeliciano Giustino 210 1$aOxford, [England] ;$aNew York, New York :$cOxford University Press,$d2014. 210 4$dİ2014 215 $a1 online resource (303 p.) 300 $aDescription based upon print version of record. 311 $a0-19-966243-6 311 $a0-19-966244-4 320 $aIncludes bibliographical references and index. 327 $a""2.5 Independent electrons approximation""""2.6 Exclusion principle""; ""2.7 Mean-field approximation""; ""2.8 Hartree--Fock equations""; ""2.9 Kohn--Sham equations""; ""3 Density functional theory""; ""3.1 Total energy of the electronic ground state""; ""3.2 Kohn--Sham equations""; ""3.3 The local density approximation""; ""3.4 Self-consistent calculations""; ""3.5 Remit of density functional theory and limitations""; ""4 Equilibrium structures of materials: fundamentals""; ""4.1 The adiabatic approximation""; ""4.2 Atomic forces"" 327 $a""4.3 Calculating atomic forces using classical electrostatics""""4.4 How to find the equilibrium configuration using calculated forces""; ""5 Equilibrium structures of materials: calculations vs. experiment""; ""5.1 Structure of molecules""; ""5.2 Structure of crystals""; ""5.3 Comparison of DFT structures with X-ray crystallography""; ""5.4 Structure of surfaces""; ""5.5 Comparison of DFT surface reconstructions with STM""; ""6 Elastic properties of materials""; ""6.1 Elastic deformations""; ""6.2 Intuitive notions of stress and strain using computer experiments"" 327 $a""6.3 General formalism for the elastic properties of solids""""6.4 Calculating elastic constants using the DFT total energy""; ""6.5 Examples of calculations of elastic constants""; ""6.6 The stress theorem""; ""6.7 DFT predictions for materials under extreme conditions""; ""7 Vibrations of molecules and solids""; ""7.1 Heuristic notion of atomic vibrations""; ""7.2 Formal theory of vibrations for classical nuclei""; ""7.3 Calculations of vibrational eigenmodes and eigenfrequencies""; ""7.4 Vibrations of crystalline solids""; ""8 Phonons, vibrational spectroscopy and thermodynamics"" 327 $a""8.1 Basics of Raman and neutron scattering spectroscopy""""8.2 Going beyond the classical approximation for nuclei""; ""8.3 Vibrons and phonons""; ""8.4 Phonon density of states""; ""8.5 Phonon DOS and pressure--temperature phase diagrams""; ""9 Band structures and photoelectron spectroscopy""; ""9.1 Kohn--Sham energies and wavefunctions""; ""9.2 Calculation of band structures using DFT""; ""9.3 Basics of angle-resolved photoelectron spectroscopy""; ""9.4 Metals, insulators and semiconductors""; ""9.5 The band gap problem""; ""10 Dielectric function and optical spectra"" 327 $a""10.1 The dielectric function of a model solid"" 330 $aThis book is an introduction to the quantum theory of materials and first-principles computational materials modelling. It explains how to use density functional theory as a practical tool for calculating the properties of materials without using any empirical parameters. The structural, mechanical, optical, electrical, and magnetic properties of materials are described within a single unified conceptual framework, rooted in the Schrodinger equation of quantum mechanics, and powered by density functional theory. This book is intended for senior undergraduate and first-year graduate students in 606 $aMaterials$xMathematical models 608 $aElectronic books. 615 0$aMaterials$xMathematical models. 676 $a620.11015118 700 $aGiustino$b Feliciano$0939086 801 0$bMiAaPQ 801 1$bMiAaPQ 801 2$bMiAaPQ 906 $aBOOK 912 $a9910464389703321 996 $aMaterials modelling using density functional theory$92116745 997 $aUNINA LEADER 08399nam 2200637 450 001 9910137493003321 005 20170919012315.0 010 $a1-119-17043-5 010 $a1-118-63252-4 035 $a(CKB)3710000000576490 035 $a(EBL)4338066 035 $a(SSID)ssj0001603300 035 $a(PQKBManifestationID)16312124 035 $a(PQKBTitleCode)TC0001603300 035 $a(PQKBWorkID)14876942 035 $a(PQKB)10481993 035 $a(PQKBManifestationID)16277368 035 $a(PQKBWorkID)14876941 035 $a(PQKB)22506637 035 $a(MiAaPQ)EBC4338066 035 $a(DLC) 2016000332 035 $a(EXLCZ)993710000000576490 100 $a20160218h20162016 uy 0 101 0 $aeng 135 $aur|n|---||||| 181 $ctxt 182 $cc 183 $acr 200 10$aManufacturing and managing customer-driven derivatives /$fDong Qu 205 $aFirst edition. 210 1$aChichester, England :$cWiley,$d2016. 210 4$dİ2016 215 $a1 online resource (569 p.) 225 1 $aWiley Finance Series 300 $aDescription based upon print version of record. 311 $a1-118-63262-1 320 $aIncludes bibliographical references and index. 327 $aMachine generated contents note: Preface Acknowledgments About the Author Part I: Overview of Customer-Driven Derivative Business Chapter 1: Evolving Derivative Business Environment Customer-Driven Derivative Product Categories Lessons in Derivatives & Crises Regulations Affecting Derivative Business Structured Derivative Products Geographic Features Chapter 2: Pillars in Structured Derivative Business Derivative Business Value Chain Model & Product Development Process Product Issuance and Wrapper Product Distribution Chapter 3: Financial Risk Management and Basel III Risk Measures & Financial Rule Books Basel III Technical Requirements Internal Model Method (IMM) Part II: Equity Derivatives Chapter 4: Equity Derivatives Market Features Equity Index Underlyings Discrete Dividends Option Settlement Delay Quanto Effect Future Versus Forward Implied Volatility Surface Chapter 5: Black-Scholes Paradigm Basic Modelling Framework Asian Options Basket Options Dividend Futures & Options American Options Barrier Options Lookback & Hindsight Options Volatility Smile/Skew Dynamics Impact On Hedging Chapter 6: Local Volatility Framework Local Volatility Stripper Local Volatility PDE Solver Local Volatility Monte Carlo Local Volatility to Implied Volatility Practical Issues With Local Volatility Chapter 7: Stochastic Local Volatility Framework Stochastic Volatility Models SLV Model Formulation SLV Numerical Implementation SLV Numerical Results SLV in Practice Chapter 8: Equity Linked Structured Products General Payoff Category Features of Important Structured Product Categories Barrier Reverse Convertibles Constant Proportion Portfolio Insurance (CPPI) Risks During Retail Issuance Period Chapter 9: Basket Option Analysis Basket Option Risks Copula Pricing Models Historic Basket Volatility Surfaces Implied Basket Volatility Surfaces Copula Applications Part III: Interest Rate Derivatives Chapter 10: Multi-Curve Environment & Yield Curve Stripping Multi-Curve Environment Yield Curve Stripping Collateral Impacts Multi-Curve Multi-Facet Reality Chapter 11: Vanilla Interest Rate Options Martingale Pricing Principle Cap/Floor European Swaption & SABR Risk Sensitivities Chapter 12: Practical Interest Rate Derivative Models Key Model Categories Linear Gauss Markov Model Libor Market Model Extended Cheyette Model Local Volatility Model Chapter 13: CMS Replication and CMS Spread Options CMS Convexity CMS Replication CMS Calibration CMS Spread Option Pricing Framework Copula Pricing With Full Market Marginal Distributions CMS Outlook Chapter 14: Interest Rate Derivative Products Product Design & Product Risks Bermudan Swaption Callable Products Other Important Products Part IV: Real Life Options and Derivatives Chapter 15: Long-Dated FX Volatility and Hybrid Risks FX Volatility Surface Extrapolating FX Volatility Term Structure To Long End Extrapolating FX Volatility Smile To Long End Hybrid Optionality PRDC Hybrid Risks Chapter 16: Portfolio CVA: Efficient Numerical Techniques CVA Valuation Implementation Framework Numerical Techniques in Portfolio CVA Valuation Grid Monte Carlo for CVA GMC Implementation Example GMC in Practice Chapter 17: Contingent Convertibles (CoCo) CoCo Features CoCo Categories CoCo Risk Factors Indirect Modelling Approaches Direct Modelling Approaches Chapter 18: Variable Annuity Products Key VA Product Types Major Risk Factors in VA Products Hybrid Pricing Models for VA Products Practicalities of Handling Long-Dated VA Products Importance of Understanding VA Risks Chapter 19: Interest Rate Optionality in Fixed Rate Mortgage Prepayment Optionality Prepayment Risk Characteristics Early Redemption Charge Applying Option Based Prepayment Technique Chapter 20: Real Estate Derivatives Equity Release Scheme and Related Derivatives Mortality in Derivatives Pricing Reversion Derivatives Products Real Estate Portfolio Derivatives Property Linked Roll Up Mortgage HPI Retail Products Appendix A: Product of Two Calls Decomposition Three Key Integrals Analytical Formula Bibliography . 330 $a"Manufacturing and Managing Customer-Driven Derivatives Manufacturing and Managing Customer-Driven Derivatives sheds light on customer-driven derivative products and their manufacturing process, which can prove a complicated topic for even experienced financial practitioners. This authoritative text offers up-to-date knowledge and practices across a broad range of topics that address the entire manufacturing, pricing and risk management process, including practical knowledge and industrial best practices. This resource blends quantitative and business perspectives to provide an in-depth understanding of the derivative risk management skills that are necessary to adopt in the competitive financial industry. Manufacturing and managing customer-driven derivative products have become more complex due to macro factors such as the multi-curve environments triggered by the recent financial crises, stricter regulatory requirements of consistent modelling and managing frameworks, and the need for risk/reward optimisation. Explore the fundamental components of the derivatives business, including equity derivatives, interest rates derivatives, real estate derivatives, and real life derivatives, etc. Examine the life cycle of manufacturing derivative products and practical pricing models Deep dive into a wide range of customer-driven structured derivative products, their investment or hedging payoff features and associated risk exposures Examine the implications of changing regulatory standards, which can increase costs in the banking sector Discover practical yet sophisticated product analysis, quantitative modeling, infrastructure integration, risk analysis, and hedging analysis Gain insight on how banks should handle complex derivatives products Manufacturing and Managing Customer-Driven Derivatives is an essential guide for quants, structurers, derivatives traders, risk managers, business executives, insurance industry professionals, hedge fund managers, academic lecturers, and financial math students who are interested in looking at the bigger picture of the manufacturing, pricing and risk management process of customer-driven derivative transactions"--$cProvided by publisher. 330 $a"This book deals with some of the key derivatives products including equity derivatives, mainly used for creating investment products for retail and private investors, interest rates derivatives, used for creating investment and treasury products, real estate derivatives and hybrid derivatives products"--$cProvided by publisher. 410 0$aWiley finance series. 606 $aDerivative securities 606 $aInvestments 608 $aElectronic books. 615 0$aDerivative securities. 615 0$aInvestments. 676 $a332.64/57 686 $aBUS027000$2bisacsh 700 $aQu$b Dong$f1962-$0932412 801 0$bMiAaPQ 801 1$bMiAaPQ 801 2$bMiAaPQ 906 $aBOOK 912 $a9910137493003321 996 $aManufacturing and managing customer-driven derivatives$92098145 997 $aUNINA